| 000 | 01389nam a22002657a 4500 | ||
|---|---|---|---|
| 005 | 20170124103214.0 | ||
| 010 | _aB-134758 | ||
| 020 |
_c495.00 _a8190255231 |
||
| 035 | _aB-134758 | ||
| 037 | _bCen Lib/Ret | ||
| 040 |
_aDPL _bHN |
||
| 082 |
_a181.492 _bजीतेन्द्र |
||
| 100 |
_aजीतेन्द्र कुमार _9141820 |
||
| 245 |
_aकुन्दकुन्द का पञ्चास्तिकाय: : _cजीतेन्द्र कुमार _bजैन-चिंतन में परमप और प्रयोग / |
||
| 246 |
_aKundkund ka panchstikaya : jain - chintan me parmapa aur prayog / _bby Jitendra kumar |
||
| 260 |
_aनयी दिल्ली _bयश पब्लिकेशन्स _c2005 |
||
| 270 |
_bनयी दिल्ली _aभारतीय इतिहास अनुसन्धान परिषद् X/909 चंद मौहल्ला, गाँधी नगर _e110031 |
||
| 300 |
_a396पृ _c20सेमी(सजिल्द ) |
||
| 500 | _aग्रन्थ सूची एवं अनुक्रमाणिका शामिल | ||
| 650 |
_aधर्म _x _z _9141821 |
||
| 650 |
_aधर्म जैन _91488 |
||
| 650 |
_areligion _9141822 |
||
| 650 |
_aJainism _9141823 |
||
| 942 |
_2ddc _cHN _h181.492 _mजीतेन्द्र |
||
| 999 |
_c121424 _d121424 |
||